Missing Word: Fantasy Movies Quiz Stats

 Plays Quiz Updated Aug 23, 2012

Challenge
Share
Tweet
Embed
Score 0/20 Timer 02:00
1 Play Today
Movie Title Missing Word % Correct
The _____ of OzWizard
98.2%
The Chronicles of Narnia: The _____, The Witch and The WardrobeLion
93.9%
_____ at the MuseumNight
92.7%
_____ PanPeter
91.7%
_____ of the Lost ArkRaiders
89.6%
The _____ AirbenderLast
87.5%
Edward _____Scissorhands
87%
The _____ BridePrincess
80.8%
The _____ CompassGolden
80.7%
Sleepy _____Hollow
79.1%
Movie Title Missing Word % Correct
Harry Potter and the Prisoner of _____Azkaban
78.8%
Pirates of the Caribbean: The _____ of the Black PearlCurse
77.8%
Indiana Jones and the Last _____Crusade
76.7%
Lord of the Rings: The _____ of the RingFellowship
72%
Pan's ______Labyrinth
59.8%
Spirited _____Away
51.7%
The City of _____ ChildrenLost
50.7%
Bridge to _____Terabithia
50.1%
_____ BanditsTime
37.2%
The _____ CrystalDark
24.3%

Today's Daily Dose

You're not logged in!

Compare scores with friends on all Sporcle quizzes.
Join for Free
OR
Log In

You Might Also Like...

Show Comments

Extras

Top Quizzes Today


Score Distribution

Your Account Isn't Verified!

In order to create a playlist on Sporcle, you need to verify the email address you used during registration. Go to your Sporcle Settings to finish the process.

Report this User

Report this user for behavior that violates our Community Guidelines.

Details: